[Event "Oberliga Ost-B 0405"]
[Site "Germany"]
[Date "2005.01.16"]
[Round "7.5"]
[White "Berning, Boris"]
[Black "Dennler, Guenther"]
[Result "0-1"]
[WhiteElo "2186"]
[BlackElo "2141"]
[PlyCount "64"]
[EventDate "2004.10.10"]
[EventType "team-tourn"]
[EventRounds "11"]
[EventCountry "GER"]
[SourceTitle "EXT 2006"]
[Source "ChessBase"]
[SourceDate "2005.11.24"]
[SourceVersion "1"]
[SourceVersionDate "2005.11.24"]
[SourceQuality "1"]
[WhiteTeam "Frankfurt BvK"]
[BlackTeam "Erfurt Empor"]
[WhiteTeamCountry "GER"]
[BlackTeamCountry "GER"]

1. e4 e6 2. d4 d5 3. Nd2 Be7 4. Ngf3 Nf6 5. Bd3 c5 6. dxc5 dxe4 7. Nxe4 Nxe4 8. Bxe4 Qxd1+ 9. Kxd1 Bxc5 10. Ke2 Nd7 11. Bg5 h6 12. Bh4 f5 13. Bd3 g5 14. Bxg5 hxg5 15. Nxg5 Ne5 16. Bb5+ Ke7 17. Rae1 a6 18. Ba4 Rh4 19. Bb3 Rg4 20. Nh3 Kf6 21. g3 Re4+ 22. Kd1 Rxe1+ 23. Rxe1 Nf3 24. Re2 e5 25. Bd5 Nd4 26. Rd2 Be6 27. Bxb7 Rb8 28. c3 Rxb7 29. cxd4 Bxd4 30. b3 Rh7 31. Ng1 Rxh2 32. Nf3 Rxf2 0-1

[Event "Oberliga Ost-B 0405"]
[Site "Germany"]
[Date "2004.11.28"]
[Round "4.5"]
[White "Saenger, Thomas"]
[Black "Berning, Boris"]
[Result "1-0"]
[WhiteElo "2180"]
[BlackElo "2186"]
[PlyCount "49"]
[EventDate "2004.10.10"]
[EventType "team-tourn"]
[EventRounds "11"]
[EventCountry "GER"]
[SourceTitle "EXT 2006"]
[Source "ChessBase"]
[SourceDate "2005.11.24"]
[SourceVersion "1"]
[SourceVersionDate "2005.11.24"]
[SourceQuality "1"]
[WhiteTeam "Moerlenbach"]
[BlackTeam "Frankfurt BvK"]
[WhiteTeamCountry "GER"]
[BlackTeamCountry "GER"]

1. d4 Nf6 2. c4 e6 3. Nc3 Bb4 4. g3 0-0 5. Bg2 d5 6. Nf3 b6 7. 0-0 c6 8. Ne5 Nfd7 9. cxd5 exd5 10. Nxd5 cxd5 11. Bxd5 Nxe5 12. dxe5 Ba6 13. Bxa8 Qxd1 14. Rxd1 Bxe2 15. Rd4 Bc5 16. Rd2 Bg4 17. Bg2 Nd7 18. h3 Be6 19. Re2 Bc4 20. Re1 Rc8 21. Bf4 h6 22. Rac1 g5 23. Be3 Bb4 24. Red1 Nxe5 25. b3 1-0

[Event "Oberliga Ost-B 0405"]
[Site "Germany"]
[Date "2004.11.13"]
[Round "2.5"]
[White "Emmerich, Dirk"]
[Black "Berning, Boris"]
[Result "1-0"]
[WhiteElo "2260"]
[BlackElo "2186"]
[PlyCount "71"]
[EventDate "2004.10.10"]
[EventType "team-tourn"]
[EventRounds "11"]
[EventCountry "GER"]
[SourceTitle "EXT 2006"]
[Source "ChessBase"]
[SourceDate "2005.11.24"]
[SourceVersion "1"]
[SourceVersionDate "2005.11.24"]
[SourceQuality "1"]
[WhiteTeam "Wiesbaden Dotzheim"]
[BlackTeam "Frankfurt BvK"]
[WhiteTeamCountry "GER"]
[BlackTeamCountry "GER"]

1. e4 c5 2. Bc4 d6 3. Qe2 Nc6 4. c3 g6 5. f4 Bg7 6. Nf3 Nf6 7. 0-0 0-0 8. Bb3 e6 9. d3 b5 10. Kh1 a5 11. Nbd2 Nh5 12. Nb1 a4 13. Bc2 Qc7 14. a3 f5 15. Ng5 h6 16. Nh3 Nf6 17. Nd2 Bd7 18. Nf3 Rae8 19. Bd2 Kh7 20. Qf2 Ne7 21. Rae1 Bc6 22. Qh4 Bd7 23. Bb1 Nh5 24. e5 Bc6 25. exd6 Qxd6 26. Ne5 Bf6 27. Qf2 Bb7 28. Be3 Rc8 29. Re2 Nd5 30. Bd2 Qe7 31. Nf3 Rfe8 32. Rfe1 Ng7 33. Kg1 b4 34. axb4 cxb4 35. c4 Nb6 36. Qxb6 1-0

[Event "Gausdal op"]
[Site "Gausdal"]
[Date "2004.10.01"]
[Round "10"]
[White "Berning, Boris"]
[Black "Thurlow, Kevin J"]
[Result "1-0"]
[WhiteElo "2186"]
[BlackElo "2145"]
[PlyCount "91"]
[EventDate "2004.09.??"]
[EventType "swiss"]
[EventRounds "10"]
[EventCountry "NOR"]
[SourceTitle "CBM 102 Extra"]
[Source "ChessBase"]
[SourceDate "2004.11.03"]
[SourceVersion "1"]
[SourceVersionDate "2004.11.03"]
[SourceQuality "1"]

1. e4 c5 2. Nc3 Nc6 3. g3 g6 4. Bg2 Bg7 5. d3 e6 6. Be3 Nd4 7. Qd2 Ne7 8. Nd1 d6 9. c3 Ndc6 10. f4 f5 11. Ne2 0-0 12. 0-0 Bd7 13. Bf2 Qa5 14. Ne3 b5 15. Rfd1 Rab8 16. a3 Qc7 17. Nc2 Na5 18. Rab1 Nb3 19. Qe3 a5 20. Na1 Nxa1 21. Rxa1 b4 22. axb4 axb4 23. e5 Rfc8 24. d4 bxc3 25. exd6 Qxd6 26. dxc5 Qc7 27. bxc3 Rb5 28. Rab1 Rxb1 29. Rxb1 Nd5 30. Qd3 Bc6 31. Nd4 Bxd4 32. Qxd4 Kf7 33. c4 Ne7 34. Qd6 Bxg2 35. Kxg2 Qc6+ 36. Kg1 Qe4 37. Rc1 h6 38. Ra1 Qxc4 39. Ra7 Re8 40. c6 Qd5 41. Bc5 Qxd6 42. Bxd6 Kf6 43. Be5+ Kf7 44. Rd7 Rc8 45. Bd6 Rxc6 46. Bxe7 1-0

[Event "Gausdal op"]
[Site "Gausdal"]
[Date "2004.09.28"]
[Round "7"]
[White "Berning, Boris"]
[Black "Nordahl, Helge Andreas"]
[Result "0-1"]
[WhiteElo "2186"]
[BlackElo "2352"]
[PlyCount "90"]
[EventDate "2004.09.??"]
[EventType "swiss"]
[EventRounds "10"]
[EventCountry "NOR"]
[SourceTitle "CBM 102 Extra"]
[Source "ChessBase"]
[SourceDate "2004.11.03"]
[SourceVersion "1"]
[SourceVersionDate "2004.11.03"]
[SourceQuality "1"]

1. e4 c5 2. Nc3 Nc6 3. g3 g6 4. Bg2 Bg7 5. d3 d6 6. f4 e6 7. Nf3 Nge7 8. Be3 Nd4 9. 0-0 0-0 10. e5 Bd7 11. Ne4 Nef5 12. Bf2 Nxf3+ 13. Bxf3 dxe5 14. fxe5 Bxe5 15. Nxc5 Bc6 16. c3 Qc7 17. Qe2 Bg7 18. d4 Rfe8 19. Bxc6 Qxc6 20. Qe4 Qd5 21. Rfe1 Nd6 22. Qxd5 exd5 23. Rxe8+ Rxe8 24. Re1 Rxe1+ 25. Bxe1 Bh6 26. Nd3 Ne4 27. Nb4 Nf6 28. h3 Bf8 29. Nd3 Bd6 30. b3 Ne4 31. Kg2 b5 32. a4 a6 33. axb5 axb5 34. Kf3 f6 35. h4 Kf7 36. c4 bxc4 37. bxc4 dxc4 38. Kxe4 cxd3 39. Kxd3 Ke6 40. g4 h5 41. gxh5 gxh5 42. Ke4 f5+ 43. Kf3 Kd5 44. Bg3 Bxg3 45. Kxg3 Ke4 0-1

[Event "Hessenliga 0304"]
[Site "Germany"]
[Date "2004.03.14"]
[Round "8.6"]
[White "Berning, Boris"]
[Black "Zweschper, Erich"]
[Result "1-0"]
[WhiteElo "2166"]
[BlackElo "2113"]
[PlyCount "101"]
[EventDate "2003.10.??"]
[EventType "team"]
[EventRounds "9"]
[EventCountry "GER"]
[SourceTitle "EXT 2005"]
[Source "ChessBase"]
[SourceDate "2004.11.15"]
[SourceVersion "1"]
[SourceVersionDate "2004.11.15"]
[SourceQuality "1"]
[WhiteTeam "Frankfurt BvK"]
[BlackTeam "Eppstein"]
[WhiteTeamCountry "GER"]
[BlackTeamCountry "GER"]

1. e4 g6 2. d4 Bg7 3. Nc3 d6 4. Nge2 Nd7 5. g3 e5 6. Be3 Ngf6 7. h3 b6 8. Bg2 Bb7 9. 0-0 Qe7 10. Nb5 Nf8 11. d5 h6 12. Qd2 a6 13. Nbc3 g5 14. f3 Ng6 15. b4 a5 16. a3 0-0 17. Na4 Ba6 18. Rfc1 Nh5 19. c4 Qd7 20. Nb2 axb4 21. axb4 Ne7 22. Bf2 Rfb8 23. Nc3 Bf8 24. Ra2 Bb7 25. Rca1 Qd8 26. Qd1 Ng7 27. Rxa8 Bxa8 28. Nd3 f6 29. Ra7 Nc8 30. Ra2 Bb7 31. Qa1 Be7 32. Nb5 Bf8 33. Ra4 Qd7 34. Qa2 Kh7 35. Ra3 h5 36. Na7 Ne7 37. c5 bxc5 38. bxc5 dxc5 39. Nxc5 Qe8 40. Rb3 Ba8 41. Nd7 Rb6 42. Rxb6 Qxd7 43. Rb8 Nxd5 44. Rxf8 Ne6 45. Rxa8 Nc3 46. Qc2 Nd4 47. Bxd4 exd4 48. Bf1 g4 49. e5+ f5 50. hxg4 hxg4 51. Qh2+ 1-0

[Event "Bad Zwesten op 8th"]
[Site "Bad Zwesten"]
[Date "2004.01.07"]
[Round "8"]
[White "Berning, Boris"]
[Black "Kersten, Uwe"]
[Result "0-1"]
[WhiteElo "2167"]
[BlackElo "2336"]
[PlyCount "106"]
[EventDate "2004.01.??"]
[EventType "swiss"]
[EventRounds "9"]
[EventCountry "GER"]
[SourceTitle "CBM 098 Extra"]
[Source "ChessBase"]
[SourceDate "2004.03.10"]
[SourceVersion "2"]
[SourceVersionDate "2004.03.10"]
[SourceQuality "1"]

1. e4 d6 2. d4 Nf6 3. Nc3 g6 4. Nge2 Bg7 5. g3 0-0 6. Bg2 c6 7. 0-0 Nbd7 8. h3 e5 9. dxe5 dxe5 10. b3 Re8 11. Ba3 Qa5 12. Bd6 Re6 13. a4 Ne8 14. Ba3 Bf8 15. Qc1 Bb4 16. Qb2 Nef6 17. Nb1 Re8 18. c3 Bxa3 19. Nxa3 Qc7 20. Qc2 a5 21. Rad1 Nc5 22. Nc1 Be6 23. c4 Rad8 24. Nb1 Nfxe4 25. Rxd8 Rxd8 26. Re1 f5 27. f3 Ng5 28. Qc3 Nf7 29. Qe3 Qd6 30. Kh2 Qd4 31. Qe2 Kg7 32. Qc2 h5 33. Ne2 Qd3 34. Qxd3 Nxd3 35. Rd1 Nc5 36. Rxd8 Nxd8 37. Nc1 Bf7 38. Kg1 Nde6 39. Kf2 Nd4 40. Nd2 f4 41. Bf1 Kf6 42. g4 hxg4 43. hxg4 g5 44. Bd3 Bg6 45. Be4 Bxe4 46. Nxe4+ Nxe4+ 47. fxe4 b5 48. Kg2 Ke6 49. Kf2 Kd6 50. Kg2 Ne6 51. Nd3 Nc5 52. Nf2 Ke6 53. Kf3 Nxb3 0-1

[Event "Bad Zwesten op 8th"]
[Site "Bad Zwesten"]
[Date "2004.01.03"]
[Round "2"]
[White "Berning, Boris"]
[Black "Markowski, Tomasz"]
[Result "0-1"]
[WhiteElo "2167"]
[BlackElo "2610"]
[PlyCount "76"]
[EventDate "2004.01.??"]
[EventType "swiss"]
[EventRounds "9"]
[EventCountry "GER"]
[SourceTitle "CBM 098 Extra"]
[Source "ChessBase"]
[SourceDate "2004.03.10"]
[SourceVersion "2"]
[SourceVersionDate "2004.03.10"]
[SourceQuality "1"]

1. e4 c5 2. Nc3 Nc6 3. g3 g6 4. Bg2 Bg7 5. d3 d6 6. Be3 Nd4 7. Qd2 Qa5 8. f4 e6 9. Nf3 Ne7 10. 0-0 Bd7 11. Rae1 Rc8 12. g4 f5 13. h3 Qb4 14. Rb1 0-0 15. a3 Qb6 16. Ne2 e5 17. gxf5 gxf5 18. fxe5 dxe5 19. b4 f4 20. Bxd4 cxd4 21. Kh2 Rc6 22. c4 dxc3 23. Nxc3 Rh6 24. Ne2 Qe6 25. Neg1 Qd6 26. Rfe1 Kh8 27. d4 exd4 28. e5 Qg6 29. Nxd4 Bg4 30. Rb3 Qb6 31. Ndf3 Bf5 32. Qd4 Qe6 33. Rc3 Nc6 34. Qc4 Qg6 35. b5 Ne7 36. Qc5 Qg3+ 37. Kh1 Ng6 38. Nd4 Qxe1 0-1

[Event "Bad Zwesten op 8th"]
[Site "Bad Zwesten"]
[Date "2004.01.02"]
[Round "1"]
[White "Halt, David"]
[Black "Berning, Boris"]
[Result "0-1"]
[WhiteElo "1636"]
[BlackElo "2167"]
[PlyCount "48"]
[EventDate "2004.01.??"]
[EventType "swiss"]
[EventRounds "9"]
[EventCountry "GER"]
[SourceTitle "CBM 098 Extra"]
[Source "ChessBase"]
[SourceDate "2004.03.10"]
[SourceVersion "2"]
[SourceVersionDate "2004.03.10"]
[SourceQuality "1"]

1. e4 c5 2. Nf3 e6 3. d3 Nc6 4. g3 g6 5. Bg2 Bg7 6. Nc3 Nge7 7. Bd2 Rb8 8. Qc1 Nd4 9. Nxd4 cxd4 10. Ne2 e5 11. f4 d6 12. c3 Bg4 13. c4 b5 14. b3 0-0 15. h3 Bxe2 16. Kxe2 f5 17. fxe5 fxe4 18. Bxe4 Bxe5 19. g4 d5 20. Bf3 dxc4 21. bxc4 Qd6 22. cxb5 Rbc8 23. Qb2 Bg7 24. Qb4 Kh8 0-1

[Event "Andorra op 21st"]
[Site "Andorra"]
[Date "2003.07.08"]
[Round "4"]
[White "Van Blitterswijk, Stefan"]
[Black "Berning, Boris"]
[Result "1-0"]
[WhiteElo "2410"]
[BlackElo "2165"]
[PlyCount "81"]
[EventDate "2003.07.05"]
[EventType "swiss"]
[EventRounds "9"]
[EventCountry "AND"]
[SourceTitle "CBM 095 Extra"]
[Source "ChessBase"]
[SourceDate "2003.09.04"]
[SourceVersion "1"]
[SourceVersionDate "2003.09.04"]
[SourceQuality "1"]

1. e4 c5 2. Nf3 e6 3. d4 cxd4 4. Nxd4 a6 5. Bd3 Nf6 6. 0-0 Qc7 7. Qe2 d6 8. c4 g6 9. Nc3 Bg7 10. Nf3 Nc6 11. Rd1 0-0 12. h3 Bd7 13. Bf4 Ne5 14. Rac1 Rac8 15. b3 Rfd8 16. Bb1 Be8 17. Bg5 Qa5 18. Nxe5 Qxe5 19. Qd2 Rc6 20. b4 d5 21. f4 Qc7 22. e5 Rxc4 23. Bd3 Qb6+ 24. Kh2 Rxb4 25. Bxf6 Bxf6 26. exf6 Rb2 27. Qe1 Rf2 28. Rb1 Qd4 29. Be4 Qa7 30. Bf3 Rc8 31. Rbc1 Bc6 32. Ne2 h5 33. h4 e5 34. fxe5 Qe3 35. Nd4 Qf4+ 36. Kg1 Rxa2 37. g3 Qh6 38. e6 Re8 39. Qe5 Ba4 40. exf7+ Kxf7 41. Bxd5+ 1-0

[Event "Hessenliga 0203"]
[Site "Germany"]
[Date "2003.04.06"]
[Round "9.6"]
[White "Becker, Michael"]
[Black "Berning, Boris"]
[Result "1-0"]
[WhiteElo "2075"]
[BlackElo "2226"]
[PlyCount "83"]
[EventDate "2002.10.??"]
[EventType "team"]
[EventRounds "9"]
[EventCountry "GER"]
[SourceTitle "EXT 2004"]
[Source "ChessBase"]
[SourceDate "2003.11.25"]
[SourceVersion "1"]
[SourceVersionDate "2003.11.25"]
[SourceQuality "1"]
[WhiteTeam "Schoeneck II"]
[BlackTeam "Frankfurt BvK"]
[WhiteTeamCountry "GER"]
[BlackTeamCountry "GER"]

1. c4 e6 2. g3 c5 3. Nf3 Nf6 4. Bg2 Qc7 5. 0-0 d6 6. Nc3 a6 7. d3 Nbd7 8. Rb1 Rb8 9. b3 Be7 10. Qc2 b5 11. e3 0-0 12. Bb2 b4 13. Ne2 Bb7 14. Rbc1 Rbc8 15. Rfd1 Qb8 16. Ne1 Bxg2 17. Nxg2 Qb7 18. Qd2 Qf3 19. e4 Ng4 20. Rf1 Nge5 21. Ne1 Qh5 22. Kg2 f5 23. f4 Qh6 24. exf5 Rxf5 25. d4 Ng6 26. dxc5 Nxc5 27. Qxb4 e5 28. Qd2 Rcf8 29. b4 Nd7 30. Nd3 Rh5 31. h4 exf4 32. Ndxf4 Nde5 33. Qd5+ Kh8 34. Nxh5 Qxh5 35. Rxf8+ Bxf8 36. Qe4 Qh6 37. Bxe5 Nxe5 38. Qf4 Qxf4 39. Nxf4 h6 40. c5 g5 41. hxg5 hxg5 42. Ne6 1-0

[Event "Hessenliga 0203"]
[Site "Germany"]
[Date "2003.02.16"]
[Round "7.7"]
[White "Berning, Boris"]
[Black "Francis, Patrick"]
[Result "1-0"]
[WhiteElo "2226"]
[BlackElo "2097"]
[PlyCount "48"]
[EventDate "2002.10.??"]
[EventType "team"]
[EventRounds "9"]
[EventCountry "GER"]
[SourceTitle "EXT 2004"]
[Source "ChessBase"]
[SourceDate "2003.11.25"]
[SourceVersion "1"]
[SourceVersionDate "2003.11.25"]
[SourceQuality "1"]
[WhiteTeam "Frankfurt BvK"]
[BlackTeam "Baunatal"]
[WhiteTeamCountry "GER"]
[BlackTeamCountry "GER"]

1. e4 d5 2. exd5 Qxd5 3. Nc3 Qa5 4. g3 Nf6 5. Bg2 c6 6. Nge2 Bg4 7. h3 Bh5 8. b4 Qd8 9. Rb1 e5 10. d4 Nd5 11. Nxd5 cxd5 12. dxe5 Nc6 13. b5 Nxe5 14. Qxd5 Qxd5 15. Bxd5 0-0-0 16. Bg2 Nf3+ 17. Bxf3 Bxf3 18. Rg1 Bc5 19. Rb3 Bh5 20. Rc3 b6 21. g4 Bg6 22. Be3 Rd5 23. f4 f6 24. Rg3 Kb7 1-0

[Event "Hessenliga 0203"]
[Site "Germany"]
[Date "2003.01.19"]
[Round "5.8"]
[White "Burger, Martin"]
[Black "Berning, Boris"]
[Result "0-1"]
[WhiteElo "2166"]
[BlackElo "2226"]
[PlyCount "86"]
[EventDate "2002.10.??"]
[EventType "team"]
[EventRounds "9"]
[EventCountry "GER"]
[SourceTitle "EXT 2004"]
[Source "ChessBase"]
[SourceDate "2003.11.25"]
[SourceVersion "1"]
[SourceVersionDate "2003.11.25"]
[SourceQuality "1"]
[WhiteTeam "Marburg"]
[BlackTeam "Frankfurt BvK"]
[WhiteTeamCountry "GER"]
[BlackTeamCountry "GER"]

1. d4 Nf6 2. Nf3 d6 3. c3 Nbd7 4. Nbd2 c6 5. e4 e5 6. Bd3 Be7 7. 0-0 0-0 8. Re1 a6 9. a4 Qc7 10. Nf1 Rb8 11. Ng3 Re8 12. Nf5 b5 13. axb5 axb5 14. N3h4 Bf8 15. Qf3 Kh8 16. Bg5 Ng8 17. Ng3 Ndf6 18. Nhf5 g6 19. Ne3 Bg7 20. h4 h6 21. Bxf6 Nxf6 22. h5 Nh7 23. d5 Ng5 24. Qe2 Bd7 25. dxc6 Qxc6 26. Nd5 Ne6 27. Nb4 Qc8 28. hxg6 Nf4 29. Qd2 fxg6 30. Bf1 Re6 31. Ra6 Qf8 32. Ra7 Be8 33. Rd1 Rf6 34. f3 h5 35. Ne2 Bh6 36. Nxf4 Bxf4 37. Qe1 Bf7 38. Nd5 Bxd5 39. Rxd5 Qh6 40. Rd3 Qg5 41. g3 Bxg3 42. Qe2 Bf4+ 43. Qg2 Be3+ 0-1

[Event "Troll Masters"]
[Site "Gausdal"]
[Date "2003.01.15"]
[Round "10"]
[White "Berning, Boris"]
[Black "Loenngren, Tobias"]
[Result "0-1"]
[WhiteElo "2240"]
[BlackElo "2122"]
[PlyCount "60"]
[EventDate "2003.01.07"]
[EventType "swiss"]
[EventRounds "10"]
[EventCountry "NOR"]
[SourceTitle "CBM 092 Extra"]
[Source "ChessBase"]
[SourceDate "2003.03.07"]
[SourceVersion "1"]
[SourceVersionDate "2003.03.07"]
[SourceQuality "1"]

1. e4 c6 2. d3 d5 3. Nd2 e5 4. Ngf3 Bd6 5. g3 Nf6 6. Bg2 0-0 7. 0-0 Nbd7 8. Re1 Re8 9. Rb1 a5 10. a3 a4 11. Nf1 Qc7 12. Bg5 Bf8 13. Nh4 g6 14. Qc1 dxe4 15. dxe4 Bg7 16. Bh6 Bxh6 17. Qxh6 Qd6 18. Qg5 Kh8 19. Rbd1 Qe7 20. Qc1 Nc5 21. h3 Ne6 22. Ne3 Nd4 23. f4 Nh5 24. fxe5 Qxe5 25. Nc4 Qxg3 26. Re3 Qxh4 27. Rxd4 Nf4 28. Qf1 Qg5 29. Nd6 Rf8 30. Nxc8 Nxg2 0-1

[Event "Troll Masters"]
[Site "Gausdal"]
[Date "2003.01.10"]
[Round "4"]
[White "Berning, Boris"]
[Black "Sander, Rolf"]
[Result "1-0"]
[WhiteElo "2240"]
[BlackElo "2048"]
[PlyCount "107"]
[EventDate "2003.01.07"]
[EventType "swiss"]
[EventRounds "10"]
[EventCountry "NOR"]
[SourceTitle "CBM 092 Extra"]
[Source "ChessBase"]
[SourceDate "2003.03.07"]
[SourceVersion "1"]
[SourceVersionDate "2003.03.07"]
[SourceQuality "1"]

1. e4 d5 2. exd5 Qxd5 3. Nc3 Qa5 4. g3 c6 5. Bg2 Nf6 6. Nge2 e5 7. d4 Bd6 8. Bd2 Qc7 9. 0-0 0-0 10. Bg5 Nbd7 11. Qd2 Re8 12. Rad1 Be7 13. Rfe1 h6 14. Bh4 Nb6 15. dxe5 Qxe5 16. Nc1 Qf5 17. Bxf6 Qxf6 18. Ne4 Qxb2 19. Nd6 Bg4 20. Nxe8 Rxe8 21. Rxe7 Rxe7 22. Qd8+ Kh7 23. Qxe7 Bxd1 24. Be4+ g6 25. Qxf7+ Qg7 26. Bxg6+ Kh8 27. Qe8+ Qg8 28. Qxg8+ Kxg8 29. Be4 Nc4 30. Nb3 Na3 31. Na5 Bxc2 32. Bxc2 Nxc2 33. Nxb7 Nd4 34. f4 Kf7 35. Nc5 Ke7 36. Kf2 Kd6 37. Ne4+ Kd5 38. Nf6+ Ke6 39. Ng4 h5 40. Ne5 c5 41. Ke3 Kd5 42. Kd3 Nf5 43. Nc4 Nd4 44. Ne3+ Ke6 45. Ke4 Kd6 46. f5 Nb5 47. Nc4+ Ke7 48. Ke5 Nd4 49. f6+ Kf7 50. Nd6+ Kg6 51. f7 Kg7 52. Ke4 Ne6 53. Ke5 Nc7 54. Ne8+ 1-0

[Event "Frankfurt-ch"]
[Site "Frankfurt"]
[Date "2001.05.21"]
[Round "4"]
[White "Hillgaertner, Walter"]
[Black "Berning, Boris"]
[Result "0-1"]
[WhiteElo "2059"]
[BlackElo "2179"]
[PlyCount "110"]
[EventDate "2001.04.??"]
[EventType "swiss"]
[EventRounds "7"]
[EventCountry "GER"]
[SourceTitle "EXT 2002"]
[Source "ChessBase"]
[SourceDate "2001.11.25"]
[SourceVersion "1"]
[SourceVersionDate "2001.11.25"]
[SourceQuality "1"]

1. g3 c5 2. Bg2 e6 3. d3 Nc6 4. e4 g6 5. Nc3 Bg7 6. Nge2 Nge7 7. 0-0 0-0 8. Bg5 d6 9. Qd2 Rb8 10. Bh6 b5 11. Bxg7 Kxg7 12. Nd1 e5 13. Ne3 Nd4 14. c3 Nxe2+ 15. Qxe2 f5 16. f4 exf4 17. gxf4 Ng8 18. exf5 Bxf5 19. Nxf5+ Rxf5 20. Rae1 Qh4 21. Qf2 Qxf2+ 22. Rxf2 Rbf8 23. Ref1 Nh6 24. Bh3 R5f6 25. b4 a6 26. Bd7 R6f7 27. Bh3 Re7 28. Rf3 Re2 29. R3f2 Rxf2 30. Rxf2 Re8 31. Rc2 Re3 32. Bc8 Rxd3 33. Bxa6 Ng4 34. Rc1 Rd2 35. Bxb5 Rxa2 36. Bd7 Nxh2 37. b5 Nf3+ 38. Kf1 Kf6 39. Bc6 Nd2+ 40. Ke1 Rb2 41. Rd1 Nc4 42. Rd3 h5 43. Bd5 Na3 44. c4 Nc2+ 45. Kf1 Nd4 46. Rg3 Nf5 47. Ra3 h4 48. Kg1 Ng3 49. Ra7 Ne2+ 50. Kh1 Nxf4 51. Bf3 Kg5 52. Rd7 Rf2 53. Bc6 Kg4 54. Rxd6 Kg3 55. Bd7 Rf1# 0-1

[Event "Staufer op 13th"]
[Site "Schwaebisch Gmuend"]
[Date "2001.??.??"]
[Round "7"]
[White "Stock, Juergen"]
[Black "Berning, Boris"]
[Result "0-1"]
[WhiteElo "2042"]
[BlackElo "2179"]
[PlyCount "54"]
[EventDate "2001.01.??"]
[EventType "swiss"]
[EventRounds "9"]
[EventCountry "GER"]
[SourceTitle "CBM 080 Extra"]
[Source "ChessBase"]
[SourceDate "2001.03.08"]
[SourceVersion "1"]
[SourceVersionDate "2001.03.08"]
[SourceQuality "1"]

1. d4 Nf6 2. c3 d6 3. Bg5 Nbd7 4. f4 g6 5. e3 Bg7 6. Bc4 a6 7. Nf3 b5 8. Bb3 c5 9. 0-0 0-0 10. Nbd2 Bb7 11. Qe1 Qb6 12. Kh1 h6 13. Bh4 c4 14. Bc2 e5 15. fxe5 dxe5 16. Bxf6 Bxf6 17. Qg3 Bg7 18. Be4 Bxe4 19. Nxe4 f5 20. Ned2 e4 21. Nh4 Rf6 22. Qh3 Qe6 23. g3 Raf8 24. Rf2 g5 25. Nxf5 Rxf5 26. Raf1 R5f6 27. Qxe6+ Rxe6 0-1

[Event "Deizisau op"]
[Site "Deizisau"]
[Date "2000.??.??"]
[Round "2"]
[White "Berning, Boris"]
[Black "Tischbierek, Raj"]
[Result "0-1"]
[WhiteElo "2202"]
[BlackElo "2526"]
[PlyCount "34"]
[EventDate "2000.??.??"]
[EventType "swiss"]
[EventRounds "9"]
[EventCountry "GER"]
[SourceTitle "EXT 2001"]
[Source "ChessBase"]
[SourceDate "2000.11.22"]
[SourceVersion "1"]
[SourceVersionDate "2000.11.22"]
[SourceQuality "1"]

1. e4 g6 2. d4 d6 3. g3 Nf6 4. Nc3 Bg7 5. Bg2 0-0 6. Nf3 c6 7. 0-0 Qc7 8. h3 e5 9. dxe5 dxe5 10. Be3 b5 11. a3 Nbd7 12. Nd2 a5 13. f4 b4 14. axb4 Ba6 15. Rf2 axb4 16. Na4 Nh5 17. Qf3 Bb5 0-1